Basic training in mathematics a fitness program for science students (Record no. 569928)

000 -LEADER
fixed length control field 00432nam a22001697a 4500
003 - CONTROL NUMBER IDENTIFIER
control field CEME
005 - DATE AND TIME OF LATEST TRANSACTION
control field 20210628202503.0
008 - FIXED-LENGTH DATA ELEMENTS--GENERAL INFORMATION
fixed length control field 210316b xxu||||| |||| 00| 0 eng d
020 ## - INTERNATIONAL STANDARD BOOK NUMBER
International Standard Book Number 0-306-45036-4
040 ## - CATALOGING SOURCE
Transcribing agency .
082 ## - DEWEY DECIMAL CLASSIFICATION NUMBER
Classification number 510 SHA'B
100 ## - MAIN ENTRY--PERSONAL NAME
Personal name Shankar, R
9 (RLIN) 60113
245 ## - TITLE STATEMENT
Title Basic training in mathematics a fitness program for science students
260 ## - PUBLICATION, DISTRIBUTION, ETC.
Place of publication, distribution, etc. NEWYORK
Name of publisher, distributor, etc. PLENUM
Date of publication, distribution, etc. 1995
300 ## - PHYSICAL DESCRIPTION
Extent 365P
942 ## - ADDED ENTRY ELEMENTS (KOHA)
Koha item type Book
Source of classification or shelving scheme
Holdings
Withdrawn status Lost status Source of classification or shelving scheme Damaged status Not for loan Permanent Location Current Location Shelving location Date acquired Full call number Barcode Date last seen Price effective from Koha item type Public note
          College of Electrical & Mechanical Engineering (CEME) College of Electrical & Mechanical Engineering (CEME) General Stacks 07/19/2017 510 SHA'B CEME-29627 06/28/2021 06/28/2021 Book 3.6
          College of Electrical & Mechanical Engineering (CEME) College of Electrical & Mechanical Engineering (CEME)   01/05/2026 510 SHA'B ceme-34274 01/05/2026 01/05/2026 Book 3.6
© 2023 Central Library, National University of Sciences and Technology. All Rights Reserved.